Whatcha Doing lyrics - Statistics

General Stats
  • This quiz has been taken 14 times
  • The average score is 261 of 319
Answer Stats
Hint Answer % Correct
baby?
100%
doin'
100%
doin'?
100%
Me
100%
me
100%
me?
100%
me)
100%
to
100%
what
100%
Chorus Whatcha
100%
whatcha
100%
you
100%
your
100%
a
83%
Verse 1 After
83%
and
83%
And
83%
at
83%
be
83%
Pre-Chorus But
83%
collision
83%
control
83%
"Don't"
83%
givin'
83%
good
83%
head
83%
I
83%
if
83%
Pre-Chorus If
83%
I'm
83%
in
83%
Verse 2 In
83%
is
83%
midnight
83%
my
83%
no
83%
Oh
83%
one
83%
Please
83%
religion
83%
Post-Chorus Tell
83%
(Tell
83%
that
83%
the
83%
thoughts
83%
up
83%
vision
83%
worried
83%
You're
83%
you're
83%
20/20
67%
alone
67%
Are
67%
'Cause
67%
change
67%
for
67%
future
67%
Got
67%
might
67%
next
67%
now
67%
of
67%
part
67%
scared
67%
see
67%
There's
67%
there's
67%
won't
67%
between
50%
can't
50%
death
50%
decisions
50%
headin'
50%
somethin'
50%
tells
50%
Then
50%
time
50%
wants
50%
wrong?
50%
cloudin'
33%
feelin'
33%
heart
33%
more
33%
shake
33%
steal
33%
find
17%
learn
17%
Lost
17%
No matching quizzes found
Score Distribution
Percent of People with Each Score
Percentile by Number Answered
Your Score History
You have not taken this quiz